000
002550000a22000970004500
100
1
_a
Placeres, Tito
245
1
0
_a
¿Quién se ha llevado mi queso?
300
_a
Vol. 56, Núm 253 (2001), Páginas 14-15
773
0
_t
La Biblia de las Américas
942
_c
ANA
999
_c
51623
_d
51623